Fr. Conceicao Rodrigues College of Engineering

Fluid Mechanics and Machinery (Record no. 20023)

MARC details
000 -LEADER
fixed length control field 00354nam a2200157Ia 4500
082 ## - DEWEY DECIMAL CLASSIFICATION NUMBER
Classification number 532/KOT
Item number KOT
100 ## - MAIN ENTRY--PERSONAL NAME
Personal name Kothandaraman/C.P
250 ## - EDITION STATEMENT
Edition statement 2
245 ## - TITLE STATEMENT
Title Fluid Mechanics and Machinery
260 ## - PUBLICATION, DISTRIBUTION, ETC.
Name of publisher, distributor, etc. New Age International Ltd.
Place of publication, distribution, etc. Mumbai
Date of publication, distribution, etc. 2007
366 ## - TRADE AVAILABILITY INFORMATION
Publishers's discount category 20
300 ## - PHYSICAL DESCRIPTION
Extent 596
546 ## - LANGUAGE NOTE
Language note ENGLISH
654 ## - SUBJECT ADDED ENTRY--FACETED TOPICAL TERMS
Focus term fluid mechanics
942 ## - ADDED ENTRY ELEMENTS (KOHA)
Koha item type BOOK
Holdings
Withdrawn status Lost status Damaged status Not for loan Collection Home library Current library Date acquired Source of acquisition Cost, normal purchase price Inventory number Total Checkouts Full call number Barcode Date last seen Cost, replacement price Price effective from Koha item type
        CRC Fr. Agnel's C.Rodrigues College of Engineering Fr. Agnel's C.Rodrigues College of Engineering 17/03/2023 Professional Book House. 275.00 567 dt 25/03/2008   532/KOT KOT 18548 17/03/2023 295.00   BOOK